[Event "WLS-chT 0708"]
[Site "Wales"]
[Date "2008.04.26"]
[Round "7"]
[White "Cunliffe, Steve D"]
[Black "Morris, Charles F"]
[Result "0-1"]
[WhiteElo "2027"]
[BlackElo "2198"]
[PlyCount "70"]
[EventDate "2007.10.07"]
[EventType "team-swiss"]
[EventRounds "7"]
[EventCountry "WLS"]
[SourceTitle "EXT 2010"]
[Source "ChessBase"]
[SourceDate "2010.11.25"]
[SourceVersion "1"]
[SourceVersionDate "2010.11.25"]
[SourceQuality "1"]

1. e4 e6 2. d4 d5 3. Nc3 Nf6 4. e5 Nfd7 5. f4 c5 6. Nf3 Nc6 7. Be3 cxd4 8. Nxd4 Bc5 9. Nxc6 bxc6 10. Bxc5 Nxc5 11. Qd4 Qb6 12. Be2 0-0 13. b4 Na4 14. Qxb6 axb6 15. Nxa4 Rxa4 16. c3 Bb7 17. Bd1 Ra3 18. Bb3 Ba6 19. Kf2 f6 20. exf6 Rxf6 21. Ke3 c5 22. Rhc1 d4+ 23. Ke4 c4 24. Bd1 d3 25. Ke3 Bb5 26. Bf3 Rf7 27. Bg4 Re7 28. Kd2 Kf7 29. Re1 Bc6 30. g3 Bd5 31. f5 e5 32. Re3 Kf6 33. Bf3 e4 34. Bg4 Rea7 35. Ree1 Ke5 0-1

[Event "WLS-chT 0708"]
[Site "Wales"]
[Date "2008.03.12"]
[Round "6"]
[White "Miles, Richard"]
[Black "Cunliffe, Steve D"]
[Result "1/2-1/2"]
[WhiteElo "2071"]
[BlackElo "2027"]
[PlyCount "60"]
[EventDate "2007.10.07"]
[EventType "team-swiss"]
[EventRounds "7"]
[EventCountry "WLS"]
[SourceTitle "EXT 2010"]
[Source "ChessBase"]
[SourceDate "2010.11.25"]
[SourceVersion "1"]
[SourceVersionDate "2010.11.25"]
[SourceQuality "1"]

1. d4 d5 2. c4 c6 3. Nf3 Nf6 4. Nc3 dxc4 5. e4 b5 6. e5 Nd5 7. a4 e6 8. Ng5 Bb4 9. Bd2 Nxc3 10. Qh5 g6 11. Qf3 0-0 12. bxc3 Be7 13. Ne4 f6 14. exf6 Bxf6 15. Nxf6+ Qxf6 16. Qxf6 Rxf6 17. g3 Bb7 18. Bg2 a6 19. 0-0 Nd7 20. axb5 axb5 21. Rxa8+ Bxa8 22. Ra1 Rf8 23. Ra7 Nf6 24. Bh3 Re8 25. Bh6 Ne4 26. Bxe6+ Rxe6 27. Rxa8+ Kf7 28. Rf8+ Ke7 29. Rf3 g5 30. Bf8+ Ke8 1/2-1/2

[Event "WLS-chT 0607"]
[Site "Wales"]
[Date "2007.02.04"]
[Round "4"]
[White "Cunliffe, Steve D"]
[Black "Turner, John David"]
[Result "0-1"]
[WhiteElo "2055"]
[BlackElo "1983"]
[PlyCount "46"]
[EventDate "2006.09.26"]
[EventType "team-tourn"]
[EventRounds "7"]
[EventCountry "WLS"]
[SourceTitle "EXT 2010"]
[Source "ChessBase"]
[SourceDate "2010.11.25"]
[SourceVersion "1"]
[SourceVersionDate "2010.11.25"]
[SourceQuality "1"]

1. e4 e5 2. Nf3 d5 3. exd5 Bd6 4. Bb5+ Bd7 5. Qe2 Qe7 6. Nc3 Nf6 7. 0-0 0-0 8. d3 h6 9. Bc4 Bg4 10. a3 a6 11. h3 Bh5 12. Re1 Nbd7 13. g4 Nxg4 14. hxg4 Bxg4 15. Ne4 f5 16. Nxd6 cxd6 17. Qe3 Rae8 18. d4 f4 19. Qb3 Qf7 20. Nxe5 Qh5 21. Bd2 dxe5 22. d6+ Kh8 23. Bd5 e4 0-1

[Event "WLS-chT 0607"]
[Site "Wales"]
[Date "2006.12.16"]
[Round "3"]
[White "Dineley, Richard"]
[Black "Cunliffe, Steve D"]
[Result "1-0"]
[WhiteElo "2266"]
[BlackElo "2055"]
[PlyCount "115"]
[EventDate "2006.09.26"]
[EventType "team-tourn"]
[EventRounds "7"]
[EventCountry "WLS"]
[SourceTitle "EXT 2010"]
[Source "ChessBase"]
[SourceDate "2010.11.25"]
[SourceVersion "1"]
[SourceVersionDate "2010.11.25"]
[SourceQuality "1"]

1. e4 e5 2. Nf3 d6 3. d4 exd4 4. Nxd4 g6 5. Nc3 Bg7 6. Be3 Nf6 7. f3 0-0 8. Qd2 Nc6 9. 0-0-0 Re8 10. Bb5 Bd7 11. Rhe1 Ne5 12. Bf1 a6 13. Bh6 Bh8 14. Bg5 c5 15. Nb3 c4 16. Nd4 Qa5 17. Kb1 b5 18. Bxf6 Bxf6 19. Nd5 Qd8 20. Nxf6+ Qxf6 21. Ne2 Re6 22. Nf4 Ree8 23. Nd5 Qd8 24. Qd4 Re6 25. f4 Nc6 26. Qc3 f5 27. g3 Rc8 28. Bh3 b4 29. Qxc4 Ne5 30. Qb3 Nc4 31. Bf1 Na5 32. Qxb4 Rb8 33. Qd4 Kf7 34. exf5 gxf5 35. Bd3 Rxe1 36. Rxe1 Be6 37. Bxf5 Bxf5 38. Re7+ Qxe7 39. Nxe7 Kxe7 40. Qg7+ Ke6 41. g4 Be4 42. f5+ Kd5 43. Qc7 Rb5 44. Kc1 Rc5 45. Qf7+ Kd4 46. Qa7 Ke3 47. b4 Nc6 48. Qb6 Nxb4 49. Qxb4 Rxc2+ 50. Kd1 Rxh2 51. Qb6+ Kf3 52. Qxd6 Rxa2 53. f6 Ra1+ 54. Kd2 Ra2+ 55. Kc3 Rc2+ 56. Kb3 Kxg4 57. Qd4 Kf3 58. Qxe4+ 1-0

[Event "WLS-ch"]
[Site "Hensol Park"]
[Date "2006.04.17"]
[Round "6"]
[White "Cunliffe, Steve D"]
[Black "White, Ernest Michael"]
[Result "1/2-1/2"]
[WhiteElo "2011"]
[BlackElo "1995"]
[PlyCount "120"]
[EventDate "2006.04.14"]
[EventType "swiss"]
[EventRounds "7"]
[EventCountry "WLS"]
[SourceTitle "EXT 2007"]
[Source "ChessBase"]
[SourceDate "2006.11.23"]
[SourceVersion "1"]
[SourceVersionDate "2006.11.23"]
[SourceQuality "1"]

1. e4 e5 2. Nf3 Nc6 3. Bb5 a6 4. Ba4 Nf6 5. Qe2 b5 6. Bb3 Be7 7. 0-0 0-0 8. c3 d5 9. d3 Re8 10. Bg5 Be6 11. Nbd2 h6 12. Bh4 Nh5 13. Bg3 Nxg3 14. hxg3 Bf6 15. exd5 Bxd5 16. Bxd5 Qxd5 17. Ne4 Be7 18. g4 Rad8 19. Rfd1 Qe6 20. Ne1 Qg6 21. Ng3 Bc5 22. Qe4 Qxe4 23. dxe4 g6 24. Rd5 Rxd5 25. exd5 Nb8 26. Nd3 Bf8 27. Ne4 Kg7 28. a4 Rd8 29. axb5 axb5 30. Ra8 Rxd5 31. Rxb8 Rxd3 32. Rxb5 f5 33. gxf5 gxf5 34. Nc5 Rd1+ 35. Kh2 Bd6 36. Nb7 Kf6 37. Nxd6 cxd6 38. Rb8 Rd2 39. Kg3 Rd3+ 40. Kh4 Ke6 41. Rb5 Rd1 42. Kg3 Rd3+ 43. Kh4 e4 44. Rb8 Ke5 45. Rb5+ Ke6 46. Rb8 Rd2 47. Kg3 h5 48. c4 h4+ 49. Kxh4 Rxf2 50. g3 Ke5 51. b3 f4 52. gxf4+ Rxf4+ 53. Kg3 Rf6 54. Re8+ Kd4 55. b4 Rf3+ 56. Kg2 Rb3 57. c5 dxc5 58. bxc5 Rc3 59. Kf2 Rc2+ 60. Ke1 Ke3 1/2-1/2

[Event "WLS-ch"]
[Site "Hensol Park"]
[Date "2006.04.16"]
[Round "4"]
[White "Van Kemenade, Rudy"]
[Black "Cunliffe, Steve D"]
[Result "1-0"]
[WhiteElo "2068"]
[BlackElo "2011"]
[PlyCount "107"]
[EventDate "2006.04.14"]
[EventType "swiss"]
[EventRounds "7"]
[EventCountry "WLS"]
[SourceTitle "EXT 2007"]
[Source "ChessBase"]
[SourceDate "2006.11.23"]
[SourceVersion "1"]
[SourceVersionDate "2006.11.23"]
[SourceQuality "1"]

1. f4 Nf6 2. Nf3 g6 3. g3 Bg7 4. Bg2 0-0 5. 0-0 c5 6. d3 d5 7. h3 Nc6 8. Qe1 Re8 9. Qf2 d4 10. Ne5 Nd5 11. c4 dxc3 12. Nxc3 Nxc3 13. bxc3 Qa5 14. Nxc6 bxc6 15. Bd2 Rb8 16. g4 Rb2 17. Bxc6 Rxd2 18. Bxe8 Bxc3 19. Qf3 Bxa1 20. Rxa1 Qc3 21. Rf1 Qd4+ 22. Kh1 Be6 23. f5 Bd5 24. e4 Rxd3 25. Bxf7+ Bxf7 26. Qf4 Qb2 27. fxg6 Rxh3+ 28. Kg1 Rg3+ 29. Qxg3 Bxg6 30. Qf4 Qd4+ 31. Rf2 Qd8 32. Rd2 Qb6 33. Kf2 c4+ 34. Qe3 Bxe4 35. Qxb6 axb6 36. Rb2 c3 37. Rxb6 c2 38. Rb8+ Kf7 39. Rc8 Ke6 40. Ke3 Kd7 41. Rc3 Bg6 42. Kf4 Kd6 43. a4 Kd5 44. Ke3 h5 45. gxh5 Bxh5 46. Rxc2 Be8 47. a5 Bb5 48. Ra2 Ba6 49. Rb2 Kc5 50. Rb6 Bb5 51. Ke4 Bd7 52. Ke5 Bc8 53. Rb8 Ba6 54. Ke6 1-0

[Event "WLS-ch"]
[Site "Hensol Park"]
[Date "2006.04.14"]
[Round "1"]
[White "Rees, Ioan"]
[Black "Cunliffe, Steve D"]
[Result "1-0"]
[WhiteElo "2241"]
[BlackElo "2011"]
[PlyCount "39"]
[EventDate "2006.04.14"]
[EventType "swiss"]
[EventRounds "7"]
[EventCountry "WLS"]
[SourceTitle "EXT 2007"]
[Source "ChessBase"]
[SourceDate "2006.11.23"]
[SourceVersion "1"]
[SourceVersionDate "2006.11.23"]
[SourceQuality "1"]

1. Nf3 d6 2. d4 f5 3. c4 g6 4. Nc3 Nf6 5. g3 Bg7 6. Bg2 0-0 7. 0-0 Qe8 8. d5 a5 9. Rb1 Na6 10. Nd4 Nc5 11. b3 e5 12. dxe6 c6 13. Bf4 Qe7 14. Nxc6 Qxe6 15. Nd4 Qe7 16. Ndb5 Rd8 17. Bxd6 Qe6 18. Nd5 Rxd6 19. Nxf6+ Qxf6 20. Qxd6 1-0

[Event "South Wales Winter op"]
[Site "Newport"]
[Date "2006.01.08"]
[Round "5.6"]
[White "Cunliffe, Steve D"]
[Black "Davies, Christopher"]
[Result "1-0"]
[WhiteElo "2062"]
[BlackElo "1707"]
[PlyCount "65"]
[EventDate "2006.01.06"]
[EventType "swiss"]
[EventRounds "5"]
[EventCountry "WLS"]
[SourceTitle "EXT 2007"]
[Source "ChessBase"]
[SourceDate "2006.11.23"]
[SourceVersion "1"]
[SourceVersionDate "2006.11.23"]
[SourceQuality "1"]

1. e4 e5 2. Nf3 Nf6 3. d4 Nxe4 4. Bd3 d5 5. Nxe5 Bd6 6. 0-0 0-0 7. Nc3 Nxc3 8. bxc3 Nd7 9. Nxd7 Qxd7 10. Qh5 h6 11. h3 b6 12. Rb1 Bb7 13. Bf5 Qe7 14. Bd3 Qd7 15. Bd2 a6 16. Bf5 Qe7 17. Rbe1 Qf6 18. Bd3 Rfe8 19. h4 Bf4 20. Be3 Qd6 21. Qf5 Bh2+ 22. Kh1 g6 23. Qf3 Rxe3 24. fxe3 Rf8 25. Bxg6 fxg6 26. Qxf8+ Qxf8 27. Rxf8+ Kxf8 28. Kxh2 b5 29. Kg3 c6 30. e4 dxe4 31. Rxe4 Ba8 32. Re6 Kf7 33. Rd6 1-0

[Event "South Wales Winter op"]
[Site "Newport"]
[Date "2006.01.07"]
[Round "3.1"]
[White "Varley, Peter"]
[Black "Cunliffe, Steve D"]
[Result "1-0"]
[WhiteElo "2172"]
[BlackElo "2062"]
[PlyCount "69"]
[EventDate "2006.01.06"]
[EventType "swiss"]
[EventRounds "5"]
[EventCountry "WLS"]
[SourceTitle "EXT 2007"]
[Source "ChessBase"]
[SourceDate "2006.11.23"]
[SourceVersion "1"]
[SourceVersionDate "2006.11.23"]
[SourceQuality "1"]

1. d4 f5 2. Bg5 g6 3. e3 Bg7 4. h4 h6 5. Bf4 d6 6. Nf3 Nd7 7. c3 e5 8. Bg3 Qe7 9. Be2 Ngf6 10. Nfd2 Nb6 11. Na3 Bd7 12. Nac4 Nxc4 13. Nxc4 Ne4 14. Qb3 b5 15. Na5 Nxg3 16. fxg3 exd4 17. cxd4 a6 18. Bf3 Rb8 19. Nc6 Bxc6 20. Bxc6+ Kf8 21. 0-0 Rb6 22. Rac1 Bf6 23. h5 Bg5 24. Rf3 Kg7 25. hxg6 Kxg6 26. Kh1 Rf8 27. Qd3 h5 28. Rxf5 Rxf5 29. Be4 Kh6 30. Bxf5 Qxe3 31. Rxc7 Qe1+ 32. Kh2 Be3 33. Rh7+ Kg5 34. Rg7+ Kf6 35. Rg6+ 1-0

[Event "WLS-ch"]
[Site "Cardiff"]
[Date "2005.03.28"]
[Round "4"]
[White "Cunliffe, Steve D"]
[Black "Sully, David John"]
[Result "0-1"]
[WhiteElo "2036"]
[BlackElo "2130"]
[PlyCount "30"]
[EventDate "2005.03.25"]
[EventType "swiss"]
[EventRounds "7"]
[EventCountry "WLS"]
[SourceTitle "EXT 2006"]
[Source "ChessBase"]
[SourceDate "2005.11.24"]
[SourceVersion "1"]
[SourceVersionDate "2005.11.24"]
[SourceQuality "1"]

1. e4 e6 2. d4 d5 3. Nd2 Be7 4. Ngf3 Nf6 5. e5 Nfd7 6. c3 c5 7. Bd3 Nc6 8. 0-0 a5 9. Re1 cxd4 10. cxd4 Qb6 11. Qa4 g5 12. Nb3 g4 13. Nfd2 Qc7 14. Bb1 b5 15. Qxb5 Ba6 0-1

[Event "WLS-ch"]
[Site "Cardiff"]
[Date "2005.03.28"]
[Round "6"]
[White "Morcom, Huw"]
[Black "Cunliffe, Steve D"]
[Result "0-1"]
[WhiteElo "1997"]
[BlackElo "2036"]
[PlyCount "64"]
[EventDate "2005.03.25"]
[EventType "swiss"]
[EventRounds "7"]
[EventCountry "WLS"]
[SourceTitle "EXT 2006"]
[Source "ChessBase"]
[SourceDate "2005.11.24"]
[SourceVersion "1"]
[SourceVersionDate "2005.11.24"]
[SourceQuality "1"]

1. Nf3 c5 2. e4 e6 3. d3 d5 4. Nbd2 Nc6 5. g3 Be7 6. Bg2 h5 7. h4 b6 8. 0-0 g5 9. hxg5 Bxg5 10. Nxg5 Qxg5 11. Nf3 Qg4 12. exd5 exd5 13. Re1+ Be6 14. Bg5 Nge7 15. Kh2 0-0-0 16. Rh1 Rdg8 17. Bh4 Ng6 18. Kg1 Nf4 19. Qd2 Nxg2 20. Kxg2 d4 21. Ng1 Bd5+ 22. f3 Ne5 23. Rf1 f5 24. Qf2 f4 25. Kh2 fxg3+ 26. Qxg3 Qf5 27. Qh3 Rf8 28. Qxf5+ Rxf5 29. Kg2 Rg8+ 30. Bg3 Ng4 31. Kh3 Ne3 32. Rf2 Be6 0-1

[Event "WLS-ch"]
[Site "Cardiff"]
[Date "2005.03.26"]
[Round "3"]
[White "Smith, Olivia"]
[Black "Cunliffe, Steve D"]
[Result "1-0"]
[WhiteElo "1897"]
[BlackElo "2036"]
[PlyCount "77"]
[EventDate "2005.03.25"]
[EventType "swiss"]
[EventRounds "7"]
[EventCountry "WLS"]
[SourceTitle "EXT 2006"]
[Source "ChessBase"]
[SourceDate "2005.11.24"]
[SourceVersion "1"]
[SourceVersionDate "2005.11.24"]
[SourceQuality "1"]

1. e4 e5 2. Bc4 Nf6 3. d3 c6 4. Nf3 d5 5. exd5 cxd5 6. Bb3 Nc6 7. Nc3 Be7 8. Bg5 Be6 9. Qe2 Qd6 10. 0-0 a6 11. Rfe1 Nd7 12. Bxe7 Kxe7 13. Ng5 Nd4 14. Qd2 Nxb3 15. axb3 Bf5 16. f4 f6 17. Nf3 Kf7 18. fxe5 Nxe5 19. Nxe5+ fxe5 20. Qf2 Ke6 21. Ne2 Bg6 22. Qg3 Kd7 23. Nc3 Rae8 24. Re2 Rhf8 25. Qg4+ Kc7 26. Qa4 Rf4 27. Qa5+ Kc6 28. Rae1 Bh5 29. Re3 Ref8 30. Qxd5+ Qxd5 31. Nxd5 Rf2 32. Rxe5 Bg4 33. Nb4+ Kb6 34. h3 Bd7 35. Re7 Bc6 36. Nxc6 bxc6 37. R1e2 Rf1+ 38. Kh2 Rb1 39. c3 1-0

[Event "Monmouth op"]
[Site "Monmouth"]
[Date "2004.07.??"]
[Round "3"]
[White "Cunliffe, Steve D"]
[Black "Sherwin, James T"]
[Result "1/2-1/2"]
[WhiteElo "2029"]
[BlackElo "2309"]
[PlyCount "45"]
[EventDate "2004.??.??"]
[EventType "swiss"]
[EventRounds "5"]
[EventCountry "WLS"]
[SourceTitle "EXT 2007"]
[Source "ChessBase"]
[SourceDate "2006.11.23"]
[SourceVersion "1"]
[SourceVersionDate "2006.11.23"]
[SourceQuality "1"]

1. e4 c5 2. Nf3 e6 3. Nc3 Nc6 4. Be2 Nf6 5. 0-0 a6 6. d4 cxd4 7. Nxd4 Qc7 8. Be3 Be7 9. f4 d6 10. g4 Nxd4 11. Bxd4 e5 12. Be3 exf4 13. Rxf4 Be6 14. g5 Nd7 15. Nd5 Bxd5 16. Qxd5 Ne5 17. Rf2 Rc8 18. c4 0-0 19. Rc1 Qc6 20. b4 Rc7 21. Bf4 Ng6 22. Be3 Ne5 23. Bf4 1/2-1/2

[Event "WLS-ch 50th"]
[Site "Cardiff"]
[Date "2004.04.11"]
[Round "5"]
[White "Cunliffe, Steve D"]
[Black "Kett, Timothy"]
[Result "0-1"]
[WhiteElo "2029"]
[BlackElo "2180"]
[PlyCount "68"]
[EventDate "2004.04.09"]
[EventType "swiss"]
[EventRounds "7"]
[EventCountry "WLS"]
[SourceTitle "EXT 2006"]
[Source "ChessBase"]
[SourceDate "2005.11.24"]
[SourceVersion "1"]
[SourceVersionDate "2005.11.24"]
[SourceQuality "1"]

1. e4 e5 2. Nf3 Nc6 3. Bb5 f5 4. d3 fxe4 5. dxe4 Nf6 6. 0-0 Bc5 7. Nc3 d6 8. Bg5 0-0 9. Nd5 Kh8 10. c3 Ne7 11. Nxe7 Qxe7 12. Qd3 Qf7 13. b4 Bb6 14. a4 a6 15. Bc4 Qh5 16. Bh4 Bd7 17. Bg3 Bc6 18. Nd2 Qg6 19. Rfe1 Nh5 20. Re2 Nf4 21. Bxf4 Rxf4 22. a5 Ba7 23. b5 axb5 24. Bxb5 Bxb5 25. Qxb5 Raf8 26. Rf1 Rg4 27. g3 Rxg3+ 28. hxg3 Qxg3+ 29. Kh1 Qh3+ 30. Kg1 Qg4+ 31. Kh2 Qh5+ 32. Kg2 Rf6 33. Re3 Bxe3 34. fxe3 Qg4+ 0-1

[Event "WLS-ch 50th"]
[Site "Cardiff"]
[Date "2004.04.10"]
[Round "2"]
[White "Jones, Iolo Cerredig"]
[Black "Cunliffe, Steve D"]
[Result "1-0"]
[WhiteElo "2289"]
[BlackElo "2029"]
[PlyCount "50"]
[EventDate "2004.04.09"]
[EventType "swiss"]
[EventRounds "7"]
[EventCountry "WLS"]
[SourceTitle "EXT 2006"]
[Source "ChessBase"]
[SourceDate "2005.11.24"]
[SourceVersion "1"]
[SourceVersionDate "2005.11.24"]
[SourceQuality "1"]

1. d4 d5 2. Nf3 c6 3. Bf4 Nf6 4. e3 g6 5. c4 Bg7 6. Nc3 0-0 7. h3 Qa5 8. Qd2 Nbd7 9. Ne5 Nh5 10. Nxd7 Bxd7 11. Bh2 f5 12. Be2 Nf6 13. 0-0 Kh8 14. Rfd1 dxc4 15. Bxc4 b5 16. Bb3 b4 17. Na4 Ne4 18. Qc2 Rad8 19. Rac1 e5 20. f3 exd4 21. fxe4 dxe3 22. Bf4 fxe4 23. Bxe3 Qf5 24. Qc5 Qxc5 25. Bxc5 Bh6 1-0

[Event "South Wales Autumn op"]
[Site "Wales"]
[Date "2003.??.??"]
[Round "1"]
[White "Cunliffe, Steve D"]
[Black "Dodington, Russell H"]
[Result "1-0"]
[WhiteElo "2005"]
[BlackElo "1770"]
[PlyCount "51"]
[EventDate "2003.??.??"]
[EventType "swiss"]
[EventRounds "5"]
[EventCountry "WLS"]
[SourceTitle "EXT 2007"]
[Source "ChessBase"]
[SourceDate "2006.11.23"]
[SourceVersion "1"]
[SourceVersionDate "2006.11.23"]
[SourceQuality "1"]

1. e4 e5 2. Nf3 Nc6 3. Bb5 a6 4. Ba4 Nf6 5. 0-0 b5 6. Bb3 Be7 7. d4 Nxd4 8. Bxf7+ Kxf7 9. Nxe5+ Kf8 10. Qxd4 c5 11. Qe3 Bb7 12. Nc3 Qc7 13. f4 c4 14. Qh3 Bc5+ 15. Kh1 Kg8 16. Rd1 Re8 17. Nd5 Nxd5 18. exd5 d6 19. Nf3 Qf7 20. Bd2 Bxd5 21. Re1 Bf2 22. Ng5 Rxe1+ 23. Rxe1 Qf8 24. Re2 Bb6 25. Qd7 h6 26. Re8 1-0

[Event "South Wales Autumn op"]
[Site "Wales"]
[Date "2003.??.??"]
[Round "2"]
[White "Zeidler, Sven P"]
[Black "Cunliffe, Steve D"]
[Result "1-0"]
[WhiteElo "2245"]
[BlackElo "2005"]
[PlyCount "101"]
[EventDate "2003.??.??"]
[EventType "swiss"]
[EventRounds "5"]
[EventCountry "WLS"]
[SourceTitle "EXT 2007"]
[Source "ChessBase"]
[SourceDate "2006.11.23"]
[SourceVersion "1"]
[SourceVersionDate "2006.11.23"]
[SourceQuality "1"]

1. e4 c5 2. Nc3 e6 3. f4 d5 4. Nf3 d4 5. Ne2 Nf6 6. d3 Nc6 7. h3 h5 8. g3 c4 9. Bg2 cxd3 10. cxd3 Bc5 11. 0-0 Bd7 12. Kh2 Qb6 13. a3 a5 14. b3 h4 15. g4 Rd8 16. Bd2 Qa6 17. Be1 Be7 18. Bf2 Bc8 19. Qd2 Nd7 20. Rfb1 Nc5 21. b4 axb4 22. axb4 Nb3 23. Qb2 Nxa1 24. b5 Qb6 25. bxc6 Qxb2 26. Rxb2 bxc6 27. Ne1 Bd7 28. Rb1 Ra8 29. Bxd4 0-0 30. Bxa1 Rfb8 31. Rxb8+ Rxb8 32. Bc3 Rb1 33. Nf3 c5 34. Be1 Bb5 35. Nc3 Rb2 36. Nxb5 Rxb5 37. Bxh4 Bxh4 38. Nxh4 Rb2 39. Nf3 Kf8 40. Kg3 Ke7 41. h4 Rb3 42. Bf1 f6 43. h5 Rb1 44. Be2 Rb2 45. Kf2 Rb1 46. e5 Rb4 47. exf6+ Kxf6 48. Kg3 Rb2 49. g5+ Kf7 50. Ne5+ Kg8 51. Bg4 1-0

[Event "South Wales Winter op"]
[Site "Newport"]
[Date "2002.01.05"]
[Round "3.7"]
[White "Cunliffe, Steve D"]
[Black "Moss, Neil"]
[Result "0-1"]
[WhiteElo "1955"]
[BlackElo "1896"]
[PlyCount "96"]
[EventDate "2002.01.04"]
[EventType "swiss"]
[EventRounds "5"]
[EventCountry "WLS"]
[SourceTitle "EXT 2004"]
[Source "ChessBase"]
[SourceDate "2003.11.25"]
[SourceVersion "1"]
[SourceVersionDate "2003.11.25"]
[SourceQuality "1"]

1. e4 e5 2. Nf3 Nf6 3. d4 Nxe4 4. Bd3 d5 5. Nxe5 Bd6 6. Nc3 Nxc3 7. bxc3 Qf6 8. 0-0 0-0 9. Qh5 g6 10. Ng4 Bxg4 11. Qxg4 Nc6 12. Bg5 Qe6 13. Qh4 Rfe8 14. f4 Ne7 15. Rae1 Qd7 16. g4 Nc6 17. f5 Rxe1 18. Rxe1 Re8 19. Rf1 Be7 20. f6 Bf8 21. Rf3 Qd6 22. Bf4 Qd8 23. g5 Re6 24. Rh3 h5 25. gxh6 Nb8 26. Be5 Nd7 27. Qg5 Nxe5 28. dxe5 Qe8 29. Rf3 Rxe5 30. Qg4 Bxh6 31. h4 Qe6 32. Qg3 Kh7 33. Kf1 c5 34. Qh3 Qxh3+ 35. Rxh3 c4 36. Be2 Rf5+ 37. Rf3 Bf4 38. Kg2 Rxf6 39. Kh3 Kg7 40. Kg4 Be5 41. Re3 Rf4+ 42. Kh3 Kf6 43. Bf3 Ke6 44. h5 gxh5 45. Bxh5 f6 46. Bg4+ Kd6 47. Bc8 b6 48. Bb7 Rf2 0-1